A.D-H.D: qué es, qué hacer. Recomendaciones para padres y docentes

Uloženo v:
Podrobná bibliografie
Hlavní autoři: Joselevich, Estrella (Autor), Bernaldo de Quirós, Guillermo (Autor), Moyano, María Beatriz (Autor), Scandar, Rubén Osvaldo (Autor)
Médium: Kniha
Jazyk:španělština
Vydáno: Buenos Aires Paidós SAICF 2003
Vydání:1a. ed
Edice:Psicología, Psiquiatría, Psicoterapia, 210
Témata:
Tagy: Přidat tag
Žádné tagy, Buďte první, kdo vytvoří štítek k tomuto záznamu!

MARC

LEADER 00000nam a2200000 a 4500
001 UCG4029
003 CL-VaPUC
008 101004e20030000AG |||||||||||||||||spa|d
020 |a 9789501234527 
082 0 4 |a 371.926  |b JOS  |2 21 
100 0 |a Joselevich, Estrella  |e author  |9 553332 
700 0 |a Bernaldo de Quirós, Guillermo  |e author  |9 553333 
700 0 |a Moyano, María Beatriz  |e author  |9 553334 
700 0 |a Scandar, Rubén Osvaldo  |e author  |9 553335 
245 1 0 |a A.D-H.D: qué es, qué hacer. Recomendaciones para padres y docentes 
250 |a 1a. ed 
300 |a 267 p 
942 |c BK 
945 |d 20101004 00:00:00  |a mfarfan 
260 |a Buenos Aires  |b Paidós SAICF  |c 2003 
650 7 |a DEFICIT ATENCIONAL  |2 CL-VaPUC  |9 553336 
650 0 |a Hiperactividad  |9 434767 
650 0 |a Educación especial  |9 307486 
650 0 |a Trastornos del comportamiento  |9 311363 
583 |a last modification  |c 20101004 00:00:00  |k Rodrigo Vera 
490 0 |a Psicología, Psiquiatría, Psicoterapia, 210 
999 |c 342931  |d 342929 
952 |0 0  |1 0  |4 0  |6 371_926000000000000_JOS_2003  |7 0  |8 A  |9 439639  |a BIBEDU  |b BIBEDU  |d 2019-11-22  |i 4723716  |o 371.926 JOS 2003  |p 4723716  |r 2019-11-22  |w 2019-11-22  |y BK  |k EPE